Загрузка...

അപൂർണ വിഷാദങ്ങൾ

Библиографические подробности
Главный автор: വെർജീനിയ വുൾഫ്
Формат: Printed Book
Опубликовано: Kozhikode Mathruboomi Books 2018
LEADER 00486nam a22001337a 4500
999 |c 184577  |d 184573 
020 |a 978-81-8267-629-9 
082 |a 920  |b WOO/A 
100 |a വെർജീനിയ വുൾഫ്   |9 160321 
245 |a അപൂർണ വിഷാദങ്ങൾ  
260 |a Kozhikode  |b Mathruboomi Books  |c 2018 
300 |a 312p. 
942 |c BK 
952 |0 0  |1 0  |4 0  |6 920_000000000000000_WOO_A  |7 0  |9 183266  |a SOL  |b SOL  |d 2019-07-10  |g 300.00  |l 0  |o 920 WOO/A  |p SOL00017566  |r 2019-07-10  |w 2019-07-10  |y BK